Responses for Show #6942 - Tuesday, November 18, 2014

2014 Tournament of Champions semifinal game 2.

Contestants

[<< previous game]

Rebecca Rider, an office supply sales assistant from Queens, New York

Mark Japinga, a graduate student in public affairs from Madison, Wisconsin

Arthur Chu, a compliance analyst, voiceover artist, and blogger from Broadview Heights, Ohio

[next game >>]

Jeopardy! Round responses

THE 2014 EMMYS
NEXT IN LINE
BRAINY ANAGRAMS
A SCENTIMENTAL MOOD
BATTLE CREEK
FOR YOUR I's ONLY
(Alex: Because "I" is the only vowel that will come up in each correct response.)
    $200 10
Seth Meyers

Arthur
    $200 28
Arnold Schwarzenegger

Mark
    $200 27
hemisphere

Mark
    $200 17
(Mark: What are Rose Petals?)

Daisy

Mark
Triple Stumper
    $200 24
Vikings

Arthur
    $200 18
bikini

Rebecca
    $400 9
Robin Williams

Mark
    $400 29
select

Triple Stumper
    $400 26
dendrite

Mark
    $400 30
(Mark: Who is Cristiano Ronaldo?)

David Beckham

MarkRebecca
    $400 23
Little Big Horn

Mark
    $400 19
digit

Arthur
    $600 6
Breaking Bad

Mark
    $600 4
James Taylor

Triple Stumper
    $600 5
temporal

Mark
    $600 21
apple

Rebecca
    $600 2
Shiloh

Arthur
    $600 22
mink

Rebecca
    $800 1
Coven

Arthur
    $800 20
37

Arthur
    $800 12
serotonin

Arthur
    $800 8
Ralph Lauren

Mark
    $1,000 11
Tippecanoe

Arthur
    $800 3
Finn

Triple Stumper
    $1000 7
The Normal Heart

Arthur
    $1000 13
(Mark: What is Arizona?)

New Mexico

Mark
Triple Stumper
    $1000 16
hypothalamus

Rebecca
    $1000 14
(Rebecca: What is Linen?)
(Alex: Be more specific.)
(Rebecca: What is...)

White Linen

Rebecca
Triple Stumper
    $1000 25
the Marne

Arthur
    $1000 15
zinc

Triple Stumper

Scores at the first commercial break (after clue 15):

Arthur Mark Rebecca
$4,400 $1,400 -$1,000

Scores at the end of the Jeopardy! Round:

Arthur Mark Rebecca
$6,800 $2,000 $1,800

Double Jeopardy! Round responses

A LOAD OF ODIN
ALL OVER THE MAP
ACTRESSES ONSTAGE
QUOTES OF NOTE
HAREM SHUFFLE
CONGRESSIONAL GOLD MEDAL RECIPIENTS
    $400 1
ring

Arthur
    $400 17
Glasgow

Mark
    $400 18
Cabaret

Mark
    $400 21
The Princess Bride

Rebecca
    $400 30
concubines

Arthur
    $400 24
Champlain

Mark
    $800 13
ravens

Rebecca
    $800 16
Missouri

Mark
    $800 19
(Mark: Who is Stritch?)
...
(Alex: The reference in the clue was to a famous scene in a motion picture that starred Humphrey Bogart and [*].)

Lauren Bacall

Mark
Triple Stumper
    $800 22
Dalai Lama

Mark
    $800 29
the Ottoman Empire

Rebecca
    $800 25
the Gershwins (Ira & George)

Arthur
    $1200 10
8

Arthur
    $1200 14
Ecuador

Mark
    $1200 4
Chekhov

Arthur
    $1200 9
(Mark: What is tea?)
(Alex: Be more specific.)
(Mark: Uh, what is iced tea?)

tea bag

MarkRebecca
    $1200 2
pants

Arthur
    $1200 8
Elie Wiesel

Arthur
    $4,600 12
(Rebecca: This may end up being the stupidest thing I ever say in my life, but let's make it a True Daily Double, Alex.)
[Applause]
...
[Cheers and applause for Rebecca's correct response]

Baldur

Rebecca
    $1600 5
Luzon

Arthur
    $1600 3
Christine Baranski

Mark
    $1,000 7
an enigma

Arthur
    $1600 11
Warren Jeffs

Rebecca
    $1600 28
(Mark: What is Venezuela?)

Guyana

MarkRebecca
    $2000 6
Ragnarök

Arthur
    $2000 15
the Matterhorn

Triple Stumper
    $2000 20
Patti LuPone

Triple Stumper
    $2000 23
power

Mark
    $2000 26
Hittites

Arthur
    $2000 27
(Arthur: Who is Tip O'Neill?)

(Sam) Rayburn

ArthurMark

Scores at the end of the Double Jeopardy! Round:

Arthur Mark Rebecca
$17,800 $8,000 $12,800

[wagering suggestions for these scores]

Final Jeopardy! Round responses

FRENCH LITERATURE
(Alex: [To Rebecca] Both of you in favor of Victor Hugo, obviously. Both of you incorrect.)
...
(Alex: Arthur, you gave the secondary title. Most people know it as [*], by Marcel Proust.)
MarkWhat is The Hunchback of Notre Dame
$8,000
RebeccaWhat is Les Miserables?
$7,000
ArthurWhat is In Search of Lost Time?
$7,801
Remembrance of Things Past

Final scores:

Arthur Mark Rebecca
$25,601 $0 $5,800
Finalist 3rd place: $10,000 2nd place: $10,000

Game dynamics:

Coryat scores:

Arthur Mark Rebecca
$18,200 $8,000 $9,800
21 R
(including 2 DDs),
1 W
17 R,
6 W
12 R
(including 1 DD),
1 W

Combined Coryat: $36,000

[game clues] [game scores] [suggest correction]

Game tape date: 2014-10-01
The J! Archive is created by fans, for fans. Scraping, republication, monetization, and malicious use prohibited; this site may use cookies and collect identifying information. See terms. The Jeopardy! game show and all elements thereof, including but not limited to copyright and trademark thereto, are the property of Jeopardy Productions, Inc. and are protected under law. This website is not affiliated with, sponsored by, or operated by Jeopardy Productions, Inc. Join the discussion at JBoard.tv.